000 00346pab a2200145 454500
008 180718b2002 xxu||||| |||| 00| 0 eng d
100 _aPandya, Rameshwari
245 _aRole of home scientist in water management
260 _c2002
300 _ap.41-46.
362 _aSep
650 _aWater supply
773 _aKurukshetra
909 _a53747
999 _c53747
_d53747